00609nam a2200157Ia 4500008004100000041000800041082001800049100003600067245005400103260002800157365001600185700003600201906003300237999001900270952016200289230718s9999 xx 000 0 und d aeng a658.4092bHAR aHarvard Business School9107198 aHarvard Business Review On The Mind Of The Leader bHarvard Business Review cRs.b595.00 aHarvard Business School9107198 dB:392818-Mar-2008cMGMTb119 c318679d318679 00104070aCCEPbCCEPd2008-04-24eTbsfMGMTg476.00i3928l2o658.4092pCCEP-BK-29886r2024-01-25 00:00:00s2024-01-09t119v595.00w2008-03-18yBKz029886